000 01225nam0a22002891 4500
001 v19\rc\1993492
005 20260407043400.0
035 _a(NLR Aleph) 005271378
090 _a6003173
_c6003173
100 _a20080811d1916 |||y0rusy50 ca
101 0 _arus
102 _aRU
105 _aa z |||||
200 1 _aГрамота пожалованная Императорскому лицею Императором Александром I, 22 сентября 1811 года
210 _aПетроград
_d1916
215 _aIV, 27 с., 2 л. ил.
_d27
327 0 _aВ кн. также: Устав Императорского лицея
464 0 _12001#$aУстав Императорского лицея
_tУстав Императорского лицея
702 0 _4570
_8rus
_7ca
_aАлександр
_cимператор российский
_dI
_f1777-1825
_3RU\NLR\AUTH\775342
_9115306
710 0 2 _aЦарскосельский лицей
_3RU\NLR\AUTH\8810015822
_9529505
801 0 _aRU
_bNLR
_c20080811
_gpsbo
801 0 _aRU
_bRuMoRGB
_c20080811
_2psbo
801 1 _aRU
_bProSoft-M
_c20080811
_2rusmarc
801 2 _aRU
_bNLR
_c20100507
_2rusmarc
852 _aNLR
_j37.63.3.257
942 _cBOOK
980 _aNB